|
|
|
|
| LEADER |
00000nab a2200000 a 4500 |
| 001 |
vtls000377249 |
| 003 |
SK-MaSNL |
| 005 |
20260304013459.0 |
| 008 |
230313c1990 xo 0 slo |
| 015 |
|
|
|a SNBRB19rr/mm-uuuuu
|
| 035 |
|
|
|a CL0377371
|
| 035 |
|
|
|a urn:nbn:sk:snk-abbkcd
|
| 035 |
|
|
|a (urnnbn)urn:nbn:sk:snk:ar-0047dd
|
| 035 |
|
|
|a (uuid)e6c0692b-c28b-4762-8878-4ee4bd273410
|
| 040 |
|
|
|a SNKBUCL
|b slo
|c SNKBUCL
|e AACR2
|
| 041 |
0 |
|
|a slo
|
| 044 |
|
|
|a xo
|c SK
|
| 080 |
|
|
|a 82:929:882
|2 1981
|
| 080 |
|
|
|a 929
|2 1981
|
| 080 |
|
|
|a 882
|2 1981
|
| 080 |
|
|
|a 929 Dovlatov, Sergej
|2 1981
|
| 100 |
0 |
|
|a M.T.
|4 aut
|9 5068
|
| 245 |
1 |
0 |
|a Kufor Sergeja Dovlatova
|c M. T.
|
| 300 |
|
|
|b Fot. 1.
|
| 600 |
1 |
7 |
|a Dovlatov, Sergej Donatovič,
|d 1941-1990
|2 snkbucl
|9 208877
|
| 655 |
|
7 |
|a články z novín a časopisov
|2 snkbucl
|9 267496
|
| 655 |
|
7 |
|a články z odboru literárna veda a krásna literatúra
|2 snkbucl
|9 770045
|
| 773 |
0 |
|
|t Revue svetovej literatúry
|g Roč. 26, č. 2 (1990), s. 60
|
| 850 |
|
|
|a Slovenská národná knižnica v Martine
|a MTA001
|
| 852 |
|
|
|a SNK
|b KIS3GCP
|
| 958 |
|
|
|a RK
|
| 958 |
|
|
|a LX
|
| 958 |
|
|
|a SU
|
| 958 |
|
|
|a OND
|
| 958 |
|
|
|a EUIPO
|
| 958 |
|
|
|a article15
|
| 999 |
|
|
|c 2575982
|d 2577912
|